| 000 | 00836cab a2200229 4500 | ||
|---|---|---|---|
| 001 | WB3443-19 | ||
| 008 | 090401t1998 xxu||||| |||| 00| 0 eng d | ||
| 035 | _a(Sirsi) u89616 | ||
| 041 | _aeng | ||
| 245 | _aLending market - new forecasting model | ||
| 260 | _c1998 | ||
| 350 | _a0 | ||
| 490 |
_aProperty Week _v63(28) 6 November 1998, 12(1) |
||
| 520 | _aThe Kingfisher/Property Week Index has been published at three-monthly intervals since October 1996. The index measures how much borrowers are able to borrow and lenders to lend, referring to property yields and five-year swap rates. | ||
| 650 | _aFORECASTS | ||
| 650 | _aKINGFISHER PROPERTY FINANCE | ||
| 650 | _aKINGFISHER/PROPERTY WEEK INDEX | ||
| 650 | _aLENDING MARKET | ||
| 690 | _aPROPERTY-PROPERTY FINANCE AND INVESTMENT | ||
| 942 | _n0 | ||
| 948 | _c11/11/1998 | ||
| 999 |
_c56724 _d56724 |
||